| 000 | 00698nam a2200241Ia 4500 | ||
|---|---|---|---|
| 005 | 20260121112711.0 | ||
| 008 | 8094 260114s9999 xx 000 0 eng d | ||
| 020 | _a9789812567611 | ||
| 037 | _aEBOOK | ||
| 040 |
_aCRL _beng _cCRL |
||
| 041 |
_aeng _2eng |
||
| 084 | _qCRL | ||
| 100 |
_aRamakrishna S, Fujihara K, Teo W E , Lim T C & Ma Z W _9961811 |
||
| 245 | 0 | _aIntroduction to Electrospinning and Nanofibers, An | |
| 260 | _bWorld Scientific | ||
| 260 | _bWSPC | ||
| 260 | _c2005 | ||
| 650 |
_aNanotechnology & Nanoscience _9961812 |
||
| 856 | _uhttps://www.worldscientific.com/worldscibooks/10.1142/5894#t=toc | ||
| 942 | _cEBOOK | ||
| 999 |
_c1545394 _d1545394 |
||